Mass media : systems and effects /

Bibliographic Details
Main Author: Davison, W. Phillips (Walter Phillips), 1918-
Other Authors: Boylan, James R., Yu, Frederick T. C., 1921-
Format: Book
Language:English
Published: New York : Holt Rinehart and Winston, [1982]
Edition:2nd ed.
Subjects:

MARC

Tag First Indicator Second Indicator Subfields
LEADER 00000pam a2200000 a 4500
001 in00000098554
005 20150924085811.0
008 810917s1982 nyu b 00110 eng
010 |a  81007182  
020 |a 0030524814 (pbk.) 
035 |a (OCoLC)07836169 
035 |9 AAK9655AM 
039 0 |a 2  |b 3  |c 3  |d 3  |e 3 
040 |a DLC  |c DLC  |d TXA  |d UtOrBLW 
049 |a TXAM  |c [1633417] 
050 0 0 |a HM258  |b  D29 1982 
082 0 |a 302.2/3  |2 19 
100 1 |a Davison, W. Phillips  |q (Walter Phillips),  |d 1918- 
245 1 0 |a Mass media :  |b systems and effects /  |c W. Phillips Davison, James Boylan, Frederick T. C. Yu. 
250 |a 2nd ed. 
264 1 |a New York :  |b Holt Rinehart and Winston,  |c [1982] 
264 4 |c ©1982 
300 |a x, 264 pages ;  |c 24 cm. 
336 |a text  |b txt  |2 rdacontent 
337 |a unmediated  |b n  |2 rdamedia 
338 |a volume  |b nc  |2 rdacarrier 
500 |a Includes index. 
504 |a Bibliography: pages 230-252. 
650 0 |a Mass media  |x Social aspects. 
650 0 |a Communication  |x Social aspects. 
700 1 |a Boylan, James R. 
700 1 |a Yu, Frederick T. C.,  |d 1921- 
999 |a MARS 
999 f f |s 16538897-a73c-3c01-98b9-020ea43a350a  |i 513bbc6e-6225-3b5a-9cda-63e1ef60c031  |t 0 
952 f f |p ric  |a Texas A&M University  |b Rellis Campus  |c Joint Library Facility  |d Remote Storage  |t 0  |e HM258 D29 1982  |h Library of Congress classification  |i unmediated -- volume  |m A14806027104 
998 f f |a HM258 D29 1982  |t 0  |l Remote Storage